000 00940nam a2200265Ia 4500
003 OSt
005 20220927105316.0
006 a|||||r|||| 00| 0
007 ta
008 220926b |||||||| |||| 00| 0 eng d
020 _a9789211216400
024 _a174109
037 _cReference Collections
040 _aRTL
_cRTL
_beng
041 _2eng
_aeng
082 _a"X:54.791.Pt4, P7/UN"
110 _a"UNITED NATIONS ,ECONOMIC AND SOCIAL COMMISSION FOR LATIN AMERICA AND THE CARIBBEAN"
_9371578
245 0 _aEconomic survey of latin Ammerica and the Carribean 2006-2007
260 _aNew
_bYork United Nations
_c2007
300 _a146p
_ccm.
500 _aBibliography P 101-05; Appendix 107-46p
700 _a"UNITED NATIONS ,ECONOMIC AND SOCIAL COMMISSION FOR LATIN AMERICA AND THE CARIBBEAN"
_9371579
942 _h"X:54.791.Pt4, P7/UN"
_cCC
999 _c691722
_d691722